00502nam a2200169Ia 4500008004000000082001300040100001800053245002900071250000500100260004400105300000800149650002000157690001400177906001000191999001700201952011400218210210b1970 xxu||||| |||| 00| 0 eng d a658 BATT aBATTEN (J D). aTough-minded management. a aBombay.bD B Taraporevala Sons,c1970 a218 aManagement  aManagemen a03070 c81816d81816 00102ddc40708MANaALbALcSSSd2021-02-17g6.00l0o658 BATTp030706r2021-02-17 00:00:00w2021-02-17yBK